LDR 00710naa#a2200169#i#450# 001 RU\\bibl\8311 005 20260429000815.3 011 ## _a2308-8877 100 ## _a20151210b2015####ek#y0rusy0150####ca 101 0# _aRUS 102 ## _aRU 200 1# _aКаталитическое получение диизопропилового эфира _eЖурнальная статья 210 1# _aВоронеж _cВоронежский государственный лесотехнический университет имени Г.Ф. Морозова _d2015 215 ## _a3 с. 608 ## _aЖурнальная статья _2local 700 #1 _aГаралиева _gМарям Абдуразаг кызы 856 4# _aanni.editorum.ru _u